LEADER 00765nam a2200193 i 4500 001 000000000663 003 CaOOAMICUS 005 20180830125433.0 008 180830s1898 it u000 u ita u 040 $aSeMil$bita 100 1 $aMorando, Giuseppe.$0(OLS)http://semarc/name/524 245 10$aCorso elementare di filosofia /$cGiuseppe Morando. 260 $aMilano :$bL. F. Cogliati,$c1898. 300 $a3 v. ;$c22 cm. 650 4$aFilosofia - Introduzioni.$0(OLS)http://semarc/subject/137 774 0 $tPreliminari, elementi di psicologia, cenni di cosmologia.$g1$w()70743 774 0 $tElementi di logica.$g2$w()70744 996 $6245$aCorso elementare di filosofia$9(OLS)http://semarc/title/960 996 $6260$aMilano :$bL. F. Cogliati$9(OLS)http://semarc/publisher/29949 LEADER 01493nam a2200301 i 4500 001 000000041036 003 CaOOAMICUS 005 20110202000000.0 008 110202s1990 au u000 u ger u 013 $a12206 020 $a3-88096-287-1 040 $aSeMil$bita 245 10$aLiturgie und Frauenfrage :$bein Beitrag zur Frauenforschung aus liturgiewissenschaftlicher Sicht /$cTeresa Berger, Albert Gerhards (Hgg.) 260 $aSt. Ottilien :$bEOS,$c1990. 300 $aIX, 674 p. ;$c24 cm. 490 0 $aPietas liturgica : interdisziplinäre Beiträge zur Liturgiewissenschaft ;$v7 650 4$aDonna - Teologia.$0(OLS)http://semarc/subject/3890 650 4$aDiaconato - Donna.$0(OLS)http://semarc/subject/8666 650 4$aLiturgia.$0(OLS)http://semarc/subject/1618 700 1 $aGerhards, Albert,$d<1951- >.$0(OLS)http://semarc/name/6580 700 1 $aBerger, Teresa.$0(OLS)http://semarc/name/20141 830 0$aPietas liturgica : interdisziplinäre Beiträge zur Liturgiewissenschaft ;$v7.$0(OLS)http://semarc/title/281 850 $aSeMil 852 $aSeMil$W1$xVenegono$y1$m3K V 437$j7191$B7191$CSeMilBibl$Z2$F7191 $81 961 $aSottoscrizione: EOS 996 $6020$a3-88096-287-1$9(OLS)http://semarc/number/11583 996 $6245$aLiturgie und Frauenfrage :$bein Beitrag zur Frauenforschung aus liturgiewissenschaftlicher Sicht$9(OLS)http://semarc/title/59221 996 $6260$aSt. Ottilien :$bEOS$9(OLS)http://semarc/publisher/29736